Návrh digitalizácie procesov vo facility manažmente v podniku Schaeffler Skalica, spol. s r. o.

Saved in:
Bibliographic Details
Main Author: Vachová, Veronika (Author)
Other Authors: Mesárošová, Jana (Thesis advisor)
Format: Manuscript Book
Language:Slovak
Published: 2025
Subjects:
Online Access:http://is.stuba.sk/zp/portal_zp.pl?podrobnosti=183815
Tags: Add Tag
No Tags, Be the first to tag this record!

MARC

LEADER 00000ntm a22000003a 4500
001 stuzp103966
003 SK-STU
005 20250614212455.1
007 ta
008 150427s2015----xo-----f-mn---000-0-slo-d
040 |a STU  |b slo 
041 0 |a slo 
100 1 |a Vachová, Veronika  |u 064000  |4 aut  |U MTF Materiálovotechnologická fakulta  |T MTF Ústav priemyselného inžinierstva a manažmentu  |X 110251  |U M4000  |Y 84  |7 110251 
242 0 1 |a Proposal for digitalization of processes in facility management in the company Schaeffler Skalica, s. r. o.  |y eng 
245 1 0 |a Návrh digitalizácie procesov vo facility manažmente v podniku Schaeffler Skalica, spol. s r. o. 
260 |c 2025 
650 4 |a Failture prediction  |2 eng 
650 4 |a Process digitalization  |2 eng 
650 4 |a Facility management  |2 eng 
650 4 |a predikovanie porúch  |2 slo 
650 4 |a digitalizácia procesov  |2 slo 
650 4 |a Facility manažment  |2 slo 
700 1 |a Mesárošová, Jana  |u 064000  |k Z1  |4 ths  |U MTF Materiálovotechnologická fakulta  |T MTF Ústav priemyselného inžinierstva a manažmentu  |X 33022  |U M4000  |Y 84  |7 A000033022 
856 4 |u http://is.stuba.sk/zp/portal_zp.pl?podrobnosti=183815 
996 |c M* DP-15664  |l MMSKP  |s P  |a 0  |w stuzp103966_0001